Ultimate 90s Songs Quiz - Statistics

General Stats
  • This quiz has been taken 1,049 times
    534 since last reset
  • The average score is 28 of 100
Answer Stats
Song Title Artist/Band % Correct
Smells Like Teen Spirit Nirvana
99%
Zombie Cranberries
88%
Enter Sandman Metallica
81%
November Rain Guns n' Roses
73%
Basket Case Green Day
69%
Iris Goo Goo Dolls
68%
Buddy Holly Weezer
68%
Don't Look Back In Anger Oasis
65%
Scar Tissue Red Hot Chili Peppers
65%
Song 2 Blur
64%
I Don't Want To Miss A Thing Aerosmith
63%
Ironic Alanis Morissette
63%
Friday I'm In Love Cure
63%
Everybody Hurts R.E.M.
57%
All The Small Things Blink-182
56%
Karma Police Radiohead
55%
Loser Beck
54%
Killing In The Name Rage Against The Machine
52%
Tubthumping Chumbawamba
50%
Learn To Fly Foo Fighters
49%
Just A Girl No Doubt
48%
Two Princes Spin Doctors
46%
What's Up? 4 Non Blondes
44%
Sabotage Beastie Boys
42%
Mr. Jones Counting Crows
41%
I'm Too Sexy Right Said Fred
40%
Boombastic Shaggy
40%
Tonight, Tonight Smashing Pumpkins
40%
Kiss Me Sixpence None The Richer
38%
Angels Robbie Williams
35%
Firestarter Prodigy
33%
Common People Pulp
32%
Mmm Mmm Mmm Mmm Crash Test Dummies
31%
Truly Madly Deeply Savage Garden
31%
The Drugs Don't Work Verve
31%
Self Esteem Offspring
30%
Spoonman Soundgarden
30%
End of the Road Boyz II Men
29%
Ordinary World Duran Duran
29%
The Rockafeller Skank Fatboy Slim
29%
No Rain Blind Melon
28%
Will You Be There Michael Jackson
28%
Breakfast At Tiffany's Deep Blue Something
27%
I'll Be There For You Rembrandts
25%
You Get What You Give New Radicals
24%
Who's Gonna Ride Your Wild Horses U2
24%
Closer Nine Inch Nails
23%
Crash Into Me Dave Matthews Band
22%
Rhythm Is A Dancer Snap
21%
Brimful of Asha Cornershop
19%
One Headlight Wallflowers
19%
Stay Another Day East 17
18%
How Bizarre OMC
18%
Jesus He Knows Me Genesis
17%
One of Us Joan Osborne
17%
Born Slippy .NUXX Underworld
17%
Can I Kick It? A Tribe Called Quest
16%
Weather With You Crowded House
16%
If You Tolerate This Your Children Will Be Next Manic Street Preachers
16%
Crazy Seal
16%
The Rhythm Of The Night Corona
15%
The One And Only Chesney Hawkes
13%
Freed From Desire Gala
13%
Unfinished Sympathy Massive Attack
13%
Alright Supergrass
13%
Never Forget Take That
13%
Swallowed Bush
12%
Amazed Lonestar
12%
Pure Morning Placebo
12%
Protect Ya Neck Wu-Tang Clan
12%
Sexy Boy Air
11%
Perfect 10 Beautiful South
11%
Mr. Vain Culture Beat
11%
Deeper Underground Jamiroquai
11%
Why Does My Heart Feel So Bad? Moby
11%
Fading Like A Flower Roxette
11%
Sleeping Stallite Tasmin Archer
11%
Say What You Want Texas
11%
All Together Now Farm
10%
Search For The Hero M People
10%
Animal Nitrate Suede
10%
Spaceman Babylon Zoo
9%
Show Me Heaven Maria McKee
9%
Brick Ben Folds Five
8%
National Express Divine Comedy
8%
Tattva Kula Shaker
8%
It's All Been Done Barenaked Ladies
7%
Don't Let Go (Love) En Vogue
7%
You're Not Alone Olive
7%
I Like To Move It Reel 2 Real
7%
Hedonism Skunk Anansie
7%
Jóga Björk
6%
Walking On The Milky Way OMD
6%
'74-'45 Connells
5%
How Do You Talk To An Angel The Heights
5%
The Gentle Art Of Making Enemies Faith No More
4%
Anywhere Is Enya
3%
You Bring On The Sun Londonbeat
3%
Dark Horse Amanda Marshall
1%
Gimme Tha Power Molotov
1%
No matching quizzes found
Score Distribution
Percent of People with Each Score
Percentile by Number Answered
Your Score History
You have not taken this quiz since the last reset